The conscience of a Conservative.

Bibliographic Details
Main Author: Goldwater, Barry M. (Barry Morris), 1909-1998
Format: Book
Language:English
Published: Shepherdsville, Ky. : Victor Pub. Co., 1960.
Subjects:

MARC

Tag First Indicator Second Indicator Subfields
LEADER 00000cam a2200000 4500
001 in00000054863
005 20151008052123.0
008 740910s1960 kyu 00000 eng u
010 |a  60012269  
035 |a (OCoLC)01002492 
035 |9 AAH1777AM 
040 |c OUN  |d TXA  |d UtOrBLW 
049 |a TXAM  |c 2 [462171] 
050 0 0 |a JK271  |b .G668 
082 0 |a 342.73 
092 |a 342.73  |b G624c 
100 1 |a Goldwater, Barry M.  |q (Barry Morris),  |d 1909-1998. 
245 1 4 |a The conscience of a Conservative. 
264 1 |a Shepherdsville, Ky. :  |b Victor Pub. Co.,  |c 1960. 
300 |a 123 pages ;  |c 22 cm. 
336 |a text  |b txt  |2 rdacontent 
337 |a unmediated  |b n  |2 rdamedia 
338 |a volume  |b nc  |2 rdacarrier 
651 0 |a United States  |x Politics and government  |y 20th century. 
999 |a MARS 
999 f f |s 89d5a096-d114-31e5-9b80-07feac2d6396  |i 1986368b-dbef-3b22-960b-973a743e3c3c  |t 0 
952 f f |p normal  |a Texas A&M University  |b College Station  |c Sterling C. Evans Library  |s Evans stk  |d Evans: Library Stacks  |t 0  |e JK271 .G668  |h Library of Congress classification  |i unmediated -- volume  |m A14825524628 
998 f f |a JK271 .G668  |t 0  |l Evans: Library Stacks